000 02674nam a2200361Ia 4500
001 dia_6491
003 CHAP
005 20251023160537.0
008 220117s2010 xx 000 0 und d
010 _a178802
020 _a978-607-7538-19-6 (v.6) \ 978-607-7538-61-5 (v.7) \ 978-607-7538-22-6 (v.8) \ 978-607-7538-23-3 (v.9) \ 978-607-7538-16-5 (v.11) \ 978-607-7538-26-4 (v.12) \ 978-607-7538-67-7 (v.14) \ 978-607-7538-71-4 (v.15) \ 978-607-7538-76-9 (v.16) \ 978-607-7538-69-1 (v.18) \ 978-607-7538-64-6 (v.19) \ 978-607-7538-70-7 (v.20) \ 978-607-7538-63-9 (v.21) \ 978-607-7538-65-3 (v.22) \ 978-607-7538-66-0 (v.23) \ 978-607-7538-81-3 (v.24)
040 _cCHAP
082 _aC 342.72 M49 2010
110 _aMéxico. INALI
_9163054
245 _aConstitución Política de los Estados Unidos Mexicanos en lenguas indígenas /
_c INALI ; coordinadores Lucía Tepole Ortega...[et al.] ; traducción Ezequiel Jiménez Romero...[et al.]
260 _aMéxico :
_b INALI,
_c2010
300 _av.
500 _aIncluye glosario de términos jurídicos
503 _aD.
505 _aNahuatl Central / Ezequiel Jiménez Romero...[et al.] (v.6) \ Maya / Germán Ake Ek..[et al.] (V.7) \ Tsotsil / Agustín Santiz Santíz...[et al.] (v.8) \ Tseltal / José Luis Jiménez Gómez...[et al.] (v.9) \ Matlatzinca / Leonardo Carranza Martínez...[et al.] (v. 11) \ Mazahua / Antonio López Marín...[et al.] (v.12) \ Ch´ol de Tabasco / Agustín Pérez Pérez...[et al.] (v.14) \ Tarahumara del norte/ Tirza González Castillo...[et al.] (v.15) \ Tepehuano del norte / Alejandro Rivas Vega (v.16) \ Mixteco del oeste de la Costa / Agustín Hernández Mendoza, Beatriz García Hernández y Bonfilia Mendoza Hernández (v.18) \ Mayo / Adelina Valenzuela Álvarez...[et al.] (v.19) \ Pima del norte / Juanita Coronado Loya (v.20) \ Yaqui / Alejandro Bacasegua Jiménez...[et al.] (v.21) \ Zoque del norte alto / María Cecilia Estrada Gómez...[et al.] (v.22) \ Chontal de Tabasco / Isaías Hernández Isidro y Natividad Benítez de la Rosa (v.23) \ Seri / José Guadalupe Méndez Méndez...[et al.] (v.24)
590 _aC KGF2914.1917 M49 2010
650 _aConstituciones
_xMéxico
_9142364
650 _aConstitutional law
_xMexico
_9163055
650 _aDerechos humanos
_931916
650 _aHuman rights
_9163056
700 _aJiménez Romero, Ezequiel, trad.
_9142366
700 _aTepole Ortega, Lucía. coord.
_9142367
710 _aInstituto Nacional de Lenguas Indígenas (México)
_959382
901 _aC 342.72 M49 2010
902 _aM
905 _a5222272010 mx x 8215123322spa16
942 _cLIBRO
_2ddc
999 _c178802
_d178802